| 000 | 01642cam a2200361 a 4500 | ||
|---|---|---|---|
| 001 | 14621964 | ||
| 005 | 20080109095923.0 | ||
| 008 | 061103s2007 enk b 001 0 eng | ||
| 010 | _a 2006036850 | ||
| 020 | _a0521687454 (pbk. : alk. paper) | ||
| 020 | _a9780521687454 (pbk. : alk. paper) | ||
| 035 | _a(OCoLC)ocm76141452 | ||
| 035 | _a(OCoLC)76141452 | ||
| 040 |
_aDLC _cDLC _dYDX _dBAKER _dBTCTA _dYDXCP _dDLC |
||
| 050 | 0 | 0 |
_aJA75.8 _b.C38 2007 |
| 082 | 0 | 0 |
_a320.58 _222 _bCAR |
| 100 | 1 |
_aCarter, Neil, _d1958- _923815 |
|
| 245 | 1 | 4 |
_aThe Politics of the Environment : _bIdeas, Activism, Policy / _cNeil Carter. |
| 250 | _a2nd ed. | ||
| 260 |
_aCambridge ; _aNew York : _bCambridge University Press, 2007 _c2007. |
||
| 300 |
_axxi, 410 p. ; _c25 cm. |
||
| 504 | _aIncludes bibliographical references (p. 363-399) and index. | ||
| 650 | 0 |
_aGreen movement. _923816 |
|
| 650 | 0 |
_aEnvironmentalism _xPolitical aspects. _923817 |
|
| 650 | 0 |
_aEnvironmental policy. _923818 |
|
| 653 |
_bPol _cMay2011 |
||
| 856 | 4 | 1 |
_3Table of contents only _uhttp://www.loc.gov/catdir/toc/ecip074/2006036850.html |
| 856 | 4 | 2 |
_3Publisher description _uhttp://www.loc.gov/catdir/enhancements/fy0703/2006036850-d.html |
| 856 | 4 | 2 |
_3Contributor biographical information _uhttp://www.loc.gov/catdir/enhancements/fy0729/2006036850-b.html |
| 942 |
_2ddc _cBB |
||
| 999 |
_c15280 _d15280 |
||